000 00565nam a2200205 i 4500
001 bgj
245 0 0 _aMyths of the English /
_cedited by Roy Porter.
260 _aCambridge :
_bPolity Press,
_c1994.
300 _aXII, 276 pp :
_bill. ;
_c23 cm.
505 _aIncludes index.
650 9 _aNational characteristics, English
651 9 _aEngland
_xCivilization
700 1 _aPORTER, Roy
_d(1946-2002).
_eed.
020 _a0754613063
040 _cBPK
041 0 _aeng
920 _a0-7546-1306-3
942 _cKS
008 s uk f |000 0 eng
999 _c50189
_d50189
856 _uhttp://koha.tu.koszalin.pl/cgi-bin/koha/opac-detail.pl?biblionumber=50189
_yKatalog online BPK